| 000 | 00381nam a22001457a 4500 | ||
|---|---|---|---|
| 005 | 20231010094933.0 | ||
| 008 | 231010b ||||| |||| 00| 0 eng d | ||
| 040 | _cAL | ||
| 041 | _aEnglish | ||
| 082 |
_223 _a082 _bSENG |
||
| 100 |
_aSEN (N B) _9137027 |
||
| 245 | _aGlorious thoughts of Ancient India | ||
| 260 |
_aNew Delhi _bNew Book Society Of India _c1965 |
||
| 942 |
_2ddc _cBK |
||
| 999 |
_c228947 _d228947 |
||